High school musical (Запис № 458851)
[ простий вигляд ]
| 000 -Лідер | |
|---|---|
| fixed length control field | 01680 a2200301 4500 |
| 001 - Контрольний номер | |
| control field | 5150530 |
| 003 - Ідентифікатор контрольного номера | |
| control field | UA-OsUOA |
| 005 - Дата та час останнього входження (трансакції) | |
| control field | 20260318092340.0 |
| 008 - Елементи даних фіксованої довжини – загальна інформація | |
| fixed length control field | 200414b pl o|||| |||| 00| | pol d |
| 020 ## - Міжнародний стандартний книжковий номер (ISBN) | |
| Міжнародний стандартний книжковий номер (ISBN) (НП) | 9788323781905 |
| 040 ## - Джерело каталогізації | |
| Агенція оригінальної каталогізації | UA-OsUOA |
| Мова каталогізації | pol |
| Агенція, яка здійснювала перезапис | UA-OsUOA |
| Агенція, яка здійснювала модифікацію | UA-OsUOA |
| 041 ## - Код мови | |
| Код мови тексту/ звукової доріжки чи окремого заголовка (П) | pol |
| 080 ## - Індекс Універсальної десяткової класифікації | |
| Індекс Універсальної десяткової класифікації (УДК) (НП) | 821.162.1(73) |
| 090 ## - Локальний шифр розміщення | |
| Класифікаційний індекс УДК | 821.162.1(73) |
| Авторський знак (НП) | B24 |
| 100 ## - Основне введення – ім’я особи | |
| Ім’я особи (НП) | Barsocchini P. |
| 9 (RLIN) | 24504 |
| 245 ## - Відомості про назву | |
| Назва (НП) | High school musical |
| Дані про відповідальність (НП) | Peter Barsocchini ; Adaptacja N. B. Grace ; Tłumsczła Małgorzata Fabianowska |
| 250 ## - Відомості про видання (редакцію) | |
| Відомості про видання (редакцію) (НП) | Wydanie III |
| 260 ## - Публікація, розповсюдження і т.п. (Вихідні дані) | |
| Місце публікації, розповсюдження і т.п. (П) | Warszawa |
| Ім’я/ наймення видавництва, розповсюджувача і т.п. (П) | Egmont |
| Дата публікації, розповсюдження і т.п. (П) | 2008 |
| 300 ## - Фізичний опис | |
| Обсяг | 134 s. |
| 490 ## - Область серії | |
| Назва серії | High School Musical |
| 520 ## - Резюме і т.п. | |
| Резюме, реферат, анотація, тощо (НП) | W East High School każdy ma swoją paczkę i każdy jest zaszufladkowany. Artyści nie chcą rozmawiać z koszykarzami, a skejci - z kujonami z koła naukowego. Na korytarzach powiało grozą, gdy wydało się, że Troy Bolton, gwiazda koszykówki, ubiega się o rolę w szkolnym musicalu! W dodatku śpiewając w duecie z Gabrielą - Einsteinem w spódnicy - która także uległa artystycznej zarazie. Zbliża się mecz o mistrzostwo i turniej naukowy, a bez Troya i Gabrieli drużyny nie mają szans! Przyjaciele łamią głowy, jak odciągnąć oboje od głupiego śpiewania. Czy Troy i Gabriella wbrew wszystkim uwierzą w swoje marzenia? Czy uda im się pogodzić swoje pasje? |
| 650 ## - Додаткове предметне введення – тематичний термін | |
| Джерело заголовка чи терміна | UDC |
| Тематичний термін чи географічна назва, як елемент введення (НП) | 821 Художня література окремими мовами і мовними сім'ями |
| 9 (RLIN) | 17 |
| 700 1# - Додаткове введення – ім'я особи | |
| Ім’я особи (НП) | Grace N. B. |
| 9 (RLIN) | 24507 |
| 700 1# - Додаткове введення – ім'я особи | |
| Ім’я особи (НП) | Fabianowska M. |
| 9 (RLIN) | 24508 |
| 942 ## - Додаткові елементи входу (Коха) | |
| Тип елемента Koha | Книги |
| Source of classification or shelving scheme | Universal Decimal Classification |
| 955 ## - Код типу видання за змістом | |
| Код типу видання за змістом (НП) | Літературно-художні видання |
| Стан вилучень | Стан втрат | Джерело класифікації або схеми стелажів | Стан уражень | Не для кредиту | Постійне місце розташування | Поточне розміщення | Дата придбання | Джерело придбання | Вартість, звичайна ціна покупки | Усього замовленно | Повний номер виклику | Штрих-код | Дата останнього перегляду | Дата останньої перевірки | Вартість, ціна заміни | Ціна ефективна від | Тип елемента Koha |
|---|---|---|---|---|---|---|---|---|---|---|---|---|---|---|---|---|---|
| Universal Decimal Classification | ВІЛ - Відділ іноземн. літератури НБ | ВІЛ - Відділ іноземн. літератури НБ | 14/04/2020 | №4/2020 | 20.00 | 1 | 821.162.1(73) B24 | 216920 | 23/12/2025 | 08/09/2025 | 20.00 | 14/04/2020 | Книги |